Every Song by Operation Ivy - Statistics

General Stats
  • This quiz has been taken 13 times
    7 since last reset
  • The average score is 12 of 41
Answer Stats
Album Song % Correct
Energy(1989) Sound System
100%
Energy(1989) Bankshot
71%
Energy(1989) Unity
71%
Energy(1989) Bad Town
57%
Energy(1989) Bombshell
57%
Energy(1989) Knowledge
57%
Energy(1989) Take Warning
57%
Energy(1989) Caution
43%
Energy(1989) Freeze Up
43%
Hectic(1988) Healthy Body
43%
Energy(1989) Jaded
43%
Operation Ivy(1991) Officer
43%
Energy(1989) Smiling
43%
Energy(1989) Artificial Life
29%
Energy(1989) Big City
29%
Hectic(1988) Hoboken
29%
Operation Ivy(1991) I Got No
29%
Hectic(1988) Junkie's Runnin' Dry
29%
Operation Ivy(1991) One of These Days
29%
Energy(1989) Room Without a Window
29%
Energy(1989) The Crowd
29%
Energy(1989) Vulnerability
29%
Hectic(1988) Yellin' in My Ear
29%
Unreleased Energy(1996) Face That Screams
14%
Energy(1989) Gonna Find You
14%
Seedy(1996) Hangin' Out
14%
Seedy(1996) Hedgecore
14%
Hectic(1988) Here We Go Again
14%
Seedy(1996) Left Behind
14%
Energy(1989) Missionary
14%
Seedy(1996) Old Friendships
14%
Seedy(1996) Plea for Peace
14%
Hectic(1988) Sleep Long
14%
Seedy(1996) Someday
14%
Unreleased Energy(1996) Steppin' Out
14%
Seedy(1996) Trouble Bound
14%
Unreleased Energy(1996) 6 to 10
0%
Unreleased Energy(1996) Break it Down
0%
Unreleased Energy(1996) Sarcastic
0%
Unreleased Energy(1996) The End (Outro)
0%
Seedy(1996) Uncertain
0%
No matching quizzes found
Score Distribution
Percent of People with Each Score
Percentile by Number Answered
Your Score History
You have not taken this quiz since the last reset